Propuesta de un plan de negocio para la creación de una empresa de servicios a domicilio en la ciudad de Sébaco, departamento de Matagalpa, durante el periodo 2020
Propone un plan de negocios para la creación de una empresa de servicios a domicilio, determina la demanda, oferta y aceptación del servicio, a través del estudio de mercado, estableciendo estrategias para la comercialización, define los recursos humanos, tecnológicos, la infraestructura de la...
| Main Authors: | , , |
|---|---|
| Other Authors: | |
| Format: | Tesis Section = Libro |
| Language: | Undetermined Spanish |
| Published: |
Managua
UNI
2020
|
| Subjects: |
| LEADER | 01690nam a2200289Ia 4500 | ||
|---|---|---|---|
| 008 | 240830s9999 xx 000 0 und d | ||
| 040 | |a BIBLIOTECA-RUPAP Mon 658.11 C957 | ||
| 041 | |a spa | ||
| 082 | |a Mon 658.11 C957 | ||
| 100 | 1 | |a Cruz Stulzer, Zohenya Lisseth | |
| 100 | 1 | |b Zúniga Ávila, Said Fernando | |
| 100 | 1 | |c Treminio Valle, Hellen Guadalupe | |
| 245 | 1 | 0 | |a Propuesta de un plan de negocio para la creación de una empresa de servicios a domicilio en la ciudad de Sébaco, departamento de Matagalpa, durante el periodo 2020 |
| 260 | |a Managua |b UNI |c 2020 | ||
| 300 | |a 129 p. :il | ||
| 500 | |a Contiene anexos y CD. | ||
| 502 | |a Tesis (Ingeniero de Sistemas)- UNI, 2020. | ||
| 520 | 3 | |a Propone un plan de negocios para la creación de una empresa de servicios a domicilio, determina la demanda, oferta y aceptación del servicio, a través del estudio de mercado, estableciendo estrategias para la comercialización, define los recursos humanos, tecnológicos, la infraestructura de la empresa y la estructura organizacional, mediante un estudio técnico evaluando la factibilidad para el funcionamiento del negocio, realiza un estudio financiero, a través de los indicadores financieros, evaluando los riesgos y rentabilidad económica para el desarrollo e implementación del proyecto, establece medidas para la mitigación del impacto ambiental utilizando una matriz Leopold. | |
| 650 | 7 | |a NUEVAS EMPRESAS | |
| 650 | 7 | |b PLAN DE NEGOCIOS | |
| 650 | 7 | |c ESTUDIO DE MERCADO | |
| 650 | 7 | |d ESTUDIO FINANCIERO | |
| 650 | 7 | |e ESTRUCTURA ORGANIZACIONAL | |
| 700 | 1 | |a Tutor: |b Pineda Rodríguez, Keylin Mayela | |
| 942 | |c BK |2 ddc | ||
| 991 | |a TESIS | ||
| 999 | |c 16887 | ||